| 000 | 00682nam a22002537a 4500 | ||
|---|---|---|---|
| 003 | UA-OsUOA | ||
| 001 | 72965 | ||
| 007 | ta | ||
| 008 | 20110207b un ||||| |||| 00| 0 ukr d | ||
| 100 | _aАрсеньев Б. П. | ||
| 700 | _aЯковлев С. А. | ||
| 090 |
_a004.65 _bА85 |
||
| 942 | _cBK | ||
| 040 |
_aUA-OsUOA _brus _cUA-OsUOA _dUA-OsUOA |
||
| 245 | _aИнтеграция распределенных баз данных | ||
| 300 | _a464 с. | ||
| 955 | _a2 | ||
| 041 | _arus | ||
| 080 | _a004.65 | ||
| 020 | _a5-8114-0300-3 | ||
| 260 |
_aСПб _c2001 |
||
| 650 | 7 |
_a00 Загальні питання науки і культури _2UDC |
|
| 999 |
_c359247 _d359247 |
||